| Tag |
First Indicator |
Second Indicator |
Subfields |
| LEADER |
00000cam a22000008a 4500 |
| 001 |
in00001567775 |
| 005 |
20151022080712.0 |
| 008 |
990317s2000 enk b 000 0 eng d |
| 015 |
|
|
|a GB99-Y5711
|
| 020 |
|
|
|a 074942995X
|
| 029 |
0 |
|
|a UKM
|b b99Y5711
|
| 035 |
|
|
|a (OCoLC)ocm41018609
|
| 040 |
|
|
|a UKM
|c UKM
|d GUL
|d TXA
|d UtOrBLW
|
| 043 |
|
|
|a e------
|
| 049 |
|
|
|a TXAM
|
| 082 |
0 |
4 |
|a 337.142
|2 21
|
| 090 |
|
|
|a KJE947
|b .A74 2000
|
| 100 |
1 |
|
|a Armstrong, Kenneth A.
|
| 245 |
1 |
0 |
|a Regulation, deregulation, re-regulation /
|c Kenneth A. Armstrong.
|
| 264 |
|
1 |
|a London :
|b Kogan Page,
|c 2000.
|
| 300 |
|
|
|a xiv, 95 pages ;
|c 22 cm.
|
| 336 |
|
|
|a text
|b txt
|2 rdacontent
|
| 337 |
|
|
|a unmediated
|b n
|2 rdamedia
|
| 338 |
|
|
|a volume
|b nc
|2 rdacarrier
|
| 490 |
1 |
|
|a European dossier series
|
| 504 |
|
|
|a Includes bibliographical references (pages 91-94).
|
| 650 |
|
0 |
|a Law
|z European Union countries.
|
| 651 |
|
0 |
|a European Union countries
|x Economic policy.
|
| 651 |
|
0 |
|a European Union countries
|x Politics and government.
|
| 830 |
|
0 |
|a European dossier series.
|
| 948 |
|
|
|a cataloged
|b h
|c 2000/10/23
|d c
|e jspillan
|f 1:12:00 pm
|
| 994 |
|
|
|a E0
|b TXA
|
| 999 |
|
|
|a MARS
|
| 999 |
f |
f |
|s c58dd9e7-3eef-3a05-96e7-33523f85eeb7
|i 29171b63-df52-3314-ae15-811b59c86778
|t 0
|
| 952 |
f |
f |
|p ric
|a Texas A&M University
|b Rellis Campus
|c Joint Library Facility
|d Remote Storage
|t 0
|e KJE947 .A74 2000
|h Library of Congress classification
|i unmediated -- volume
|m A14826767944
|
| 998 |
f |
f |
|a KJE947 .A74 2000
|t 0
|l Remote Storage
|